| 000 | 01615nam a2200241 a 4500 | ||
|---|---|---|---|
| 001 | ASIN0748620893 | ||
| 003 | OSt | ||
| 005 | 20170105102909.0 | ||
| 008 | 131025s2007 xxu eng d | ||
| 020 |
_a0748620893 (paperback) _c$35.00 |
||
| 020 | _a9780748620890 (paperback) | ||
| 040 | _aA | ||
| 050 | 0 | 4 | _aB741 |
| 082 | 0 | 4 |
_a181.0703 _bGRO 2007 |
| 100 | 1 | _aGroff, Peter. | |
| 245 | 1 | 0 |
_aIslamic philosophy A-z / _cPeter Groff. |
| 260 |
_a[S.l.] : _bEdinburgh University Press, _c2007. |
||
| 300 |
_a256 p. ; _c20 cm. |
||
| 520 | _aA unique introductory guide to the rich, complex and diverse tradition of Islamic philosophy. Islamic Philosophy A-Z comprises over 100 concise entries, alphabetically ordered and cross-referenced for easy access. All the essential aspects of Islamic philosophy are covered here: key figures, schools, concepts, topics, and issues. Articles on the Peripatetics, Isma'ilis, Illuminationists, Sufis, kalam theologians and later modern thinkers are supplemented by entries on classical Greek influences as well as Jewish philosophers who lived and worked in the Islamic world. Topical entries cover various issues and key positions in all the major areas of philosophy, making clear why the central problems of Islamic philosophy have been, and remain, matters of rational disputation. This book will prove an indispensable resource to anyone who wishes to gain a better understanding of this fascinating intellectual tradition. | ||
| 650 | 0 | _aIslamic philosophy | |
| 856 | 4 | 0 |
_3Amazon.com _uhttp://www.amazon.com/exec/obidos/ASIN/0748620893/chopaconline-20 |
| 942 |
_2ddc _cBK |
||
| 999 |
_c15032 _d15032 |
||